[Event "Surrey Open 20th"]
[Site "Sutton"]
[Date "1994.04.02"]
[Round "4"]
[White "Lalic, Bogdan"]
[Black "Bisby, Daniel L"]
[Result "1-0"]
[WhiteElo "2520"]
[BlackElo "2040"]
[PlyCount "75"]
[EventDate "1994.04.01"]
[EventType "swiss"]
[EventRounds "7"]
[EventCountry "ENG"]
[SourceTitle "BritBase"]
[Source "John Saunders"]
[SourceDate "2025.11.05"]
[SourceVersion "1"]
[SourceVersionDate "2025.11.05"]
[SourceQuality "1"]

1. c4 g5 2. g3 Bg7 3. Bg2 c5 4. Nc3 Nc6 5. Ne4 h6 6. Nxc5 d6 7. Ne4 Be6 8. Qa4 Qd7 9. d3 g4 10. h3 f5 11. Nc3 Nf6 12. e3 Ne5 13. Qd1 d5 14. cxd5 Nxd5 15. d4 Nxc3 16. bxc3 Nc6 17. hxg4 fxg4 18. Ne2 Rd8 19. e4 Ne5 20. Nf4 Bc4 21. Be3 Qc6 22. Qc2 Nf3+ 23. Bxf3 gxf3 24. e5 Bf7 25. Rc1 Rg8 26. c4 e6 27. Nh5 Bh8 28. Qh7 Rd7 29. Rh4 Rf8 30. Qxh6 b5 31. cxb5 Qb7 32. Kf1 Qxb5+ 33. Kg1 Qb7 34. Nf4 Re7 35. d5 Bxe5 36. dxe6 Bg8 37. Qh5+ Kd8 38. Qxe5 1-0

[Event "Surrey Open 20th"]
[Site "Sutton"]
[Date "1994.04.02"]
[Round "4"]
[White "Mah, Karl CC"]
[Black "Houska, Miroslav"]
[Result "1-0"]
[WhiteElo "2008"]
[BlackElo "2240"]
[PlyCount "125"]
[EventDate "1994.04.01"]
[EventType "swiss"]
[EventRounds "7"]
[EventCountry "ENG"]
[SourceTitle "BritBase"]
[Source "John Saunders"]
[SourceDate "2025.11.05"]
[SourceVersion "1"]
[SourceVersionDate "2025.11.05"]
[SourceQuality "1"]

1. e4 c5 2. Nf3 Nc6 3. Bb5 g6 4. O-O Bg7 5. c3 e5 6. d3 Nge7 7. Nbd2 O-O 8. Qe2 d6 9. Rd1 h6 10. Nf1 Kh7 11. Bxc6 Nxc6 12. Ne3 f5 13. Nd5 Be6 14. Rb1 Qd7 15. h3 Qf7 16. b4 c4 17. dxc4 fxe4 18. Qxe4 Bf5 19. Qh4 Kg8 20. Rb2 g5 21. Nxg5 hxg5 22. Bxg5 Bh7 23. Qg3 Kh8 24. Rbd2 Nd8 25. Be7 Rg8 26. Bxd6 Qe6 27. Nc7 Qc8 28. Bxe5 Nc6 29. Nxa8 Nxe5 30. Rd5 Nc6 31. Qh4 Ne5 32. Kh1 Qxc4 33. Qxc4 Nxc4 34. Rd8 Bxc3 35. Rxg8+ Bxg8 36. b5 Na3 37. b6 axb6 38. Nxb6 Ba5 39. Nd5 b5 40. h4 b4 41. g4 Nb5 42. Nxb4 Nc3 43. Rd4 Nxa2 44. Nxa2 Bxa2 45. Kg2 Bb6 46. Rd7 Bb3 47. Kg3 Be6 48. Re7 Bd5 49. f4 Bg8 50. h5 Bc5 51. Rc7 Bd6 52. Rd7 Bb4 53. h6 Be6 54. Rc7 Be1+ 55. Kf3 Bd5+ 56. Ke3 Ba5 57. Rd7 Bb6+ 58. Kd3 Bf3 59. g5 Bg4 60. Rf7 Bh5 61. Rf6 Bc5 62. g6 Be7 63. Re6 1-0

[Event "Surrey Open 20th"]
[Site "Sutton"]
[Date "1994.04.03"]
[Round "4"]
[White "McMichael, Richard J"]
[Black "Lalic, Susan Kathryn"]
[Result "1-0"]
[WhiteElo "2224"]
[BlackElo "2328"]
[PlyCount "65"]
[EventDate "1994.04.01"]
[EventType "swiss"]
[EventRounds "7"]
[EventCountry "ENG"]
[SourceTitle "BritBase"]
[Source "John Saunders"]
[SourceDate "2025.11.05"]
[SourceVersion "1"]
[SourceVersionDate "2025.11.05"]
[SourceQuality "1"]

1. b3 e5 2. Bb2 Nc6 3. e3 d6 4. c4 g6 5. Nf3 Bg7 6. Be2 Nge7 7. d4 e4 8. Ng5 f5 9. h4 O-O 10. g3 h6 11. Nh3 Be6 12. Nc3 Bf7 13. Nf4 h5 14. Qd2 Qd7 15. O-O-O a6 16. Nh3 Kh8 17. Ng5 Ng8 18. f3 exf3 19. Bxf3 Rae8 20. Nd5 Bxd5 21. cxd5 Nd8 22. Kb1 Nf6 23. Rc1 Ne4 24. Bxe4 fxe4 25. g4 Qxg4 26. Rxc7 Qg3 27. Ne6 Rf2 28. Qc1 Qg2 29. Nxg7 Rg8 30. Ba3 Rxg7 31. Rxg7 Kxg7 32. Bxd6 Rxa2 33. Rh2 {n.b. the bulletin gives both the McMichael-Ferguson and McMichael-S Arkell/Lalic games as being played in round 5. I have reassigned this game to round 4 as it seems more likely - JS} 1-0

[Event "Surrey Open 20th"]
[Site "Sutton"]
[Date "1994.04.02"]
[Round "4"]
[White "Parr, David"]
[Black "Panchapagesan, Arjun"]
[Result "1/2-1/2"]
[WhiteElo "2112"]
[BlackElo "2136"]
[PlyCount "74"]
[EventDate "1994.04.01"]
[EventType "swiss"]
[EventRounds "7"]
[EventCountry "ENG"]
[SourceTitle "BritBase"]
[Source "John Saunders"]
[SourceDate "2025.11.05"]
[SourceVersion "1"]
[SourceVersionDate "2025.11.05"]
[SourceQuality "1"]

1. e4 c5 2. Nf3 a6 3. c4 e6 4. Nc3 Qc7 5. d4 cxd4 6. Nxd4 Nf6 7. Bd3 Bb4 8. O-O Nc6 9. Nxc6 dxc6 10. Bg5 e5 11. Qf3 Be7 12. a3 h6 13. Bxf6 Bxf6 14. c5 Be6 15. Qe2 Rd8 16. Bc4 Bxc4 17. Qxc4 Rd4 18. Qe2 O-O 19. Rfd1 Rfd8 20. b4 Qd7 21. g3 Qe6 22. Rab1 Bg5 23. h4 Bf6 24. Kg2 g6 25. Rb2 Qd7 26. Rbb1 Bg7 27. h5 Qe6 28. hxg6 fxg6 29. Rb2 Qd7 30. Rbb1 Qf7 31. Rb2 Qd7 32. Rbb1 h5 33. Qf3 Kh7 34. Rxd4 exd4 35. Ne2 d3 36. Nf4 d2 37. Rd1 Qf7 1/2-1/2

[Event "Surrey Open 20th"]
[Site "Sutton"]
[Date "1994.04.02"]
[Round "4"]
[White "Pein, Malcolm"]
[Black "McShane, Luke J"]
[Result "1-0"]
[WhiteElo "2328"]
[BlackElo "1920"]
[PlyCount "91"]
[EventDate "1994.04.01"]
[EventType "swiss"]
[EventRounds "7"]
[EventCountry "ENG"]
[SourceTitle "BritBase"]
[Source "John Saunders"]
[SourceDate "2025.11.05"]
[SourceVersion "1"]
[SourceVersionDate "2025.11.05"]
[SourceQuality "1"]

1. d4 Nf6 2. c4 g6 3. Nc3 Bg7 4. e4 d6 5. Be2 O-O 6. Bg5 Nbd7 7. Qd2 e5 8. d5 a5 9. Bd1 Nc5 10. Bc2 Bd7 11. Nge2 Qb8 12. O-O c6 13. dxc6 bxc6 14. Be3 Nb7 15. f3 Be6 16. Bb3 Rd8 17. Rfd1 Nd7 18. Na4 Ndc5 19. Nec3 Qc7 20. Qf2 Bf8 21. Rd2 Be7 22. Qe2 Kg7 23. Bc2 h6 24. g3 Nxa4 25. Nxa4 Nc5 26. Nc3 Rab8 27. b3 Rb4 28. Rad1 h5 29. Qf2 Rbb8 30. f4 Bg4 31. Rb1 Ne6 32. Rf1 Bf6 33. Ne2 Rf8 34. Kg2 h4 35. Ng1 h3+ 36. Nxh3 Bxh3+ 37. Kxh3 c5 38. f5 Nd4 39. Kg2 g5 40. Bxg5 Bxg5 41. f6+ Kg6 42. Rxd4 cxd4 43. Qf5+ Kh6 44. h4 Rg8 45. hxg5+ Rxg5 46. Rh1+ 1-0

[Event "Surrey Open 20th"]
[Site "Sutton"]
[Date "1994.04.03"]
[Round "5"]
[White "Anagnostopoulos, Dimitrios"]
[Black "Neil, David R"]
[Result "1/2-1/2"]
[WhiteElo "2464"]
[BlackElo "2080"]
[PlyCount "100"]
[EventDate "1994.04.01"]
[EventType "swiss"]
[EventRounds "7"]
[EventCountry "ENG"]
[SourceTitle "BritBase"]
[Source "John Saunders"]
[SourceDate "2025.11.05"]
[SourceVersion "1"]
[SourceVersionDate "2025.11.05"]
[SourceQuality "1"]

1. d4 Nf6 2. c4 e5 3. dxe5 Ng4 4. Nf3 Bc5 5. e3 Nc6 6. Be2 O-O 7. O-O Re8 8. Nc3 Ngxe5 9. Nxe5 Nxe5 10. Ne4 Bf8 11. f4 Nc6 12. Bd3 d6 13. Ng5 g6 14. Bd2 Bg7 15. Qc2 Bf6 16. Nf3 Bg7 17. h3 Be6 18. Ng5 Qe7 19. Bc3 Rad8 20. Rae1 Bc8 21. Bxg7 Kxg7 22. Qc3+ f6 23. e4 Kg8 24. Nf3 Qg7 25. g4 Re7 26. Qd2 Rde8 27. Kh2 Kh8 28. Rg1 Nd8 29. h4 b6 30. Re3 Bb7 31. Rge1 Ne6 32. Kg3 Nc5 33. b4 Nxe4+ 34. Bxe4 Rxe4 35. Rxe4 Rxe4 36. Rxe4 Bxe4 37. Nd4 f5 38. g5 Kg8 39. a4 h6 40. a5 hxg5 41. hxg5 Qh8 42. Qd1 c5 43. bxc5 bxc5 44. Ne2 Qh5 45. Nc3 Qxd1 46. Nxd1 a6 47. Kf2 Kf7 48. Ke3 Ke6 49. Nc3 Bc6 50. Kd3 Kd7 1/2-1/2

[Event "Surrey Open 20th"]
[Site "Sutton"]
[Date "1994.04.03"]
[Round "5"]
[White "Cobb, Charles A"]
[Black "Parr, David"]
[Result "1/2-1/2"]
[WhiteElo "2160"]
[BlackElo "2112"]
[PlyCount "52"]
[EventDate "1994.04.01"]
[EventType "swiss"]
[EventRounds "7"]
[EventCountry "ENG"]
[SourceTitle "BritBase"]
[Source "John Saunders"]
[SourceDate "2025.11.05"]
[SourceVersion "1"]
[SourceVersionDate "2025.11.05"]
[SourceQuality "1"]

1. e4 c5 2. c3 Nf6 3. e5 Nd5 4. d4 cxd4 5. Nf3 Nc6 6. cxd4 d6 7. Bc4 e6 8. O-O Be7 9. Qe2 Nb6 10. Bb3 d5 11. Nc3 O-O 12. Bc2 Bd7 13. Qd3 g6 14. a3 Rc8 15. Ne2 a6 16. Qd2 f5 17. b3 Qe8 18. Ra2 Nd8 19. Qa5 Na8 20. Bh6 Rf7 21. Ng5 Bxg5 22. Bxg5 Bb5 23. Qd2 Rfc7 24. Bd3 Bxd3 25. Qxd3 Nf7 26. Bd2 Nb6 1/2-1/2

[Event "Surrey Open 20th"]
[Site "Sutton"]
[Date "1994.04.03"]
[Round "5"]
[White "Corkett, Anthony R"]
[Black "Mah, Karl CC"]
[Result "1/2-1/2"]
[WhiteElo "2304"]
[BlackElo "2008"]
[PlyCount "68"]
[EventDate "1994.04.01"]
[EventType "swiss"]
[EventRounds "7"]
[EventCountry "ENG"]
[SourceTitle "BritBase"]
[Source "John Saunders"]
[SourceDate "2025.11.05"]
[SourceVersion "1"]
[SourceVersionDate "2025.11.05"]
[SourceQuality "1"]

1. d4 Nf6 2. g3 g6 3. Bg2 Bg7 4. Nf3 O-O 5. O-O d6 6. c4 Nbd7 7. Nc3 e5 8. dxe5 dxe5 9. Qc2 c6 10. Bg5 Qc7 11. b4 Re8 12. Rad1 h6 13. Bc1 Nf8 14. b5 Ne6 15. Ba3 Rd8 16. e3 Ne8 17. Qb3 f5 18. c5 e4 19. Nd4 Qf7 20. Nce2 Nxd4 21. Nxd4 Bxd4 22. Rxd4 Be6 23. Qc3 Rxd4 24. Qxd4 Bxa2 25. Bb2 Ng7 26. bxc6 bxc6 27. f3 exf3 28. Bxf3 Rc8 29. Ra1 Bd5 30. Bxd5 cxd5 31. Ra6 Kh7 32. Bc3 f4 33. Rf6 Qe7 34. Qxf4 Qxc5 1/2-1/2

[Event "Surrey Open 20th"]
[Site "Sutton"]
[Date "1994.04.03"]
[Round "5"]
[White "Fenn, Paul David"]
[Black "Sedgwick, David R"]
[Result "0-1"]
[WhiteElo "1904"]
[BlackElo "2000"]
[PlyCount "42"]
[EventDate "1994.04.01"]
[EventType "swiss"]
[EventRounds "7"]
[EventCountry "ENG"]
[SourceTitle "BritBase"]
[Source "John Saunders"]
[SourceDate "2025.11.05"]
[SourceVersion "1"]
[SourceVersionDate "2025.11.05"]
[SourceQuality "1"]

1. e4 e6 2. d4 d5 3. Nc3 Nf6 4. Bg5 Be7 5. e5 Nfd7 6. Bxe7 Qxe7 7. f4 O-O 8. Bd3 c5 9. Nf3 f6 10. Nb5 Nc6 11. c3 a6 12. Nd6 cxd4 13. cxd4 g6 14. h4 fxe5 15. fxe5 Nxd4 16. Nxc8 Nxf3+ 17. gxf3 Qb4+ 18. Kf1 Raxc8 19. h5 Nxe5 20. Be2 Ng4 21. Qb1 Qd4 0-1

[Event "Surrey Open 20th"]
[Site "Sutton"]
[Date "1994.04.03"]
[Round "5"]
[White "Franklin, Michael J"]
[Black "Basman, Michael John"]
[Result "0-1"]
[WhiteElo "2216"]
[BlackElo "2336"]
[PlyCount "52"]
[EventDate "1994.04.01"]
[EventType "swiss"]
[EventRounds "7"]
[EventCountry "ENG"]
[SourceTitle "BritBase"]
[Source "John Saunders"]
[SourceDate "2025.11.05"]
[SourceVersion "1"]
[SourceVersionDate "2025.11.05"]
[SourceQuality "1"]

1. c4 g5 2. Nc3 h6 3. g3 Bg7 4. Bg2 c5 5. e3 Nc6 6. Nge2 d6 7. d3 f5 8. a3 Nf6 9. Qc2 O-O 10. Rb1 e5 11. b4 f4 12. b5 Ne7 13. gxf4 exf4 14. exf4 Nf5 15. fxg5 Ng4 16. Bd5+ Kh8 17. Ne4 Nh4 18. gxh6 Nf3+ 19. Kd1 Be5 20. Bb2 Qh4 21. Bxe5+ Nfxe5 22. Kc1 Nxf2 23. Nxf2 Rxf2 24. Rb2 Bg4 25. Qd1 Qxh6+ 26. Kb1 Qe3 0-1

[Event "Surrey Open 20th"]
[Site "Sutton"]
[Date "1994.04.03"]
[Round "5"]
[White "Hodgson, John H"]
[Black "Lalic, Bogdan"]
[Result "0-1"]
[WhiteElo "2152"]
[BlackElo "2520"]
[PlyCount "72"]
[EventDate "1994.04.01"]
[EventType "swiss"]
[EventRounds "7"]
[EventCountry "ENG"]
[SourceTitle "BritBase"]
[Source "John Saunders"]
[SourceDate "2025.11.05"]
[SourceVersion "1"]
[SourceVersionDate "2025.11.05"]
[SourceQuality "1"]

1. e4 d5 2. exd5 Nf6 3. d4 Nxd5 4. c4 Nb6 5. Nc3 e5 6. d5 c6 7. Nf3 cxd5 8. cxd5 Bb4 9. Bb5+ Bd7 10. O-O Bxc3 11. Bxd7+ Qxd7 12. bxc3 Qxd5 13. Nxe5 O-O 14. Qxd5 Nxd5 15. c4 Nc3 16. Bb2 Na4 17. Ba3 Re8 18. Rfe1 f6 19. Ng4 Nc6 20. Ne3 Rad8 21. Nd5 Kf7 22. Kf1 Rxe1+ 23. Rxe1 Rd7 24. f4 Na5 25. Ne3 Rd3 26. Bc1 Nc3 27. a3 b6 28. Kf2 Nb3 29. Kf3 f5 30. g3 g6 31. Kf2 Ne4+ 32. Kf3 h5 33. h3 Nd4+ 34. Kg2 Rb3 35. g4 Rb1 36. gxf5 gxf5 0-1

[Event "Surrey Open 20th"]
[Site "Sutton"]
[Date "1994.04.03"]
[Round "5"]
[White "Johnstone, Paul Ellis"]
[Black "Holland, Christopher KD"]
[Result "1/2-1/2"]
[WhiteElo "2232"]
[BlackElo "2160"]
[PlyCount "93"]
[EventDate "1994.04.01"]
[EventType "swiss"]
[EventRounds "7"]
[EventCountry "ENG"]
[SourceTitle "BritBase"]
[Source "John Saunders"]
[SourceDate "2025.11.05"]
[SourceVersion "1"]
[SourceVersionDate "2025.11.05"]
[SourceQuality "1"]

1. c4 g6 2. e4 Bg7 3. d4 d6 4. Nc3 Nf6 5. Be2 O-O 6. Nf3 e5 7. Be3 Ng4 8. Bg5 f6 9. Bh4 Nc6 10. d5 Ne7 11. h3 Nh6 12. Nd2 c5 13. dxc6 bxc6 14. b4 d5 15. cxd5 cxd5 16. O-O Kh8 17. Nb3 Be6 18. Nc5 Bg8 19. Qa4 dxe4 20. Rad1 Qb6 21. Nd7 Qc6 22. Qxc6 Nxc6 23. Nxf8 Rxf8 24. Nxe4 Nf5 25. Bg3 Nxb4 26. a3 Nc2 27. Rd7 a5 28. Bd3 Nxa3 29. Ra1 Nc4 30. Bxc4 Bxc4 31. Rxa5 Be6 32. Rc7 Bg8 33. Raa7 h5 34. Nd6 Nxd6 35. Rxg7 Bf7 36. Rd7 Kxg7 37. Rxd6 g5 38. h4 g4 39. Kh2 Ra8 40. f4 gxf3 41. gxf3 Ra5 42. Bf2 Ra3 43. Kg2 Kg6 44. Bb6 Ra4 45. Kg3 Be8 46. Be3 Kf5 47. Rb6 1/2-1/2

[Event "Surrey Open 20th"]
[Site "Sutton"]
[Date "1994.04.03"]
[Round "5"]
[White "Kinsman, Andrew PH"]
[Black "Pein, Malcolm"]
[Result "1-0"]
[WhiteElo "2432"]
[BlackElo "2328"]
[PlyCount "123"]
[EventDate "1994.04.01"]
[EventType "swiss"]
[EventRounds "7"]
[EventCountry "ENG"]
[SourceTitle "BritBase"]
[Source "John Saunders"]
[SourceDate "2025.11.05"]
[SourceVersion "1"]
[SourceVersionDate "2025.11.05"]
[SourceQuality "1"]

1. d4 Nf6 2. Nf3 c5 3. d5 g6 4. c4 d6 5. Nc3 e5 6. e4 Bg7 7. h3 Na6 8. Bg5 h6 9. Be3 Nh5 10. a3 Nc7 11. b4 b6 12. Nd2 O-O 13. Rb1 Kh7 14. g3 Bd7 15. Be2 Nf4 16. gxf4 exf4 17. Bxf4 Bxc3 18. Bxd6 Re8 19. Qc2 Bxd2+ 20. Kxd2 Ba4 21. Qxa4 Qxd6 22. f3 Ne6 23. e5 Qxe5 24. dxe6 Rad8+ 25. Bd3 Rxe6 26. Qc2 Qe2+ 27. Kc3 Rxd3+ 28. Qxd3 Re3 29. Rhd1 Qxf3 30. bxc5 bxc5 31. Qxe3 Qxe3+ 32. Rd3 Qe5+ 33. Kb3 g5 34. Rbd1 h5 35. Rd5 Qe4 36. R1d3 Kg6 37. Rc3 g4 38. hxg4 hxg4 39. Rxc5 f5 40. Rd5 f4 41. Rd1 f3 42. c5 Qe6+ 43. Kb4 f2 44. c6 Qe1 45. Rd6+ Kg5 46. Rd5+ Kh4 47. c7 Qxc3+ 48. Kxc3 f1=Q 49. Rc5 Qf6+ 50. Kb4 Qb6+ 51. Kc4 Qa6+ 52. Kd5 Qc8 53. Kc6 g3 54. Rc4+ Kh3 55. Rd4 g2 56. Rd8 Qe6+ 57. Rd6 Qc4+ 58. Kb7 g1=Q 59. Rh6+ Qh4 60. c8=Q+ Qgg4 61. Qxg4+ Kxg4 62. Rxh4+ 1-0

[Event "Surrey Open 20th"]
[Site "Sutton"]
[Date "1994.04.03"]
[Round "5"]
[White "Lalic, Susan Kathryn"]
[Black "Mack, Andrew L"]
[Result "1/2-1/2"]
[WhiteElo "2328"]
[BlackElo "2176"]
[PlyCount "74"]
[EventDate "1994.04.01"]
[EventType "swiss"]
[EventRounds "7"]
[EventCountry "ENG"]
[SourceTitle "BritBase"]
[Source "John Saunders"]
[SourceDate "2025.11.05"]
[SourceVersion "1"]
[SourceVersionDate "2025.11.05"]
[SourceQuality "1"]

1. e4 e6 2. d4 d5 3. Nc3 Nf6 4. e5 Nfd7 5. f4 c5 6. Nf3 Nc6 7. Be3 a6 8. Qd2 b5 9. dxc5 Bxc5 10. Bxc5 Nxc5 11. O-O-O Qb6 12. Bd3 b4 13. Ne2 a5 14. f5 b3 15. axb3 a4 16. Qg5 axb3 17. Qxg7 Rf8 18. c3 Nxd3+ 19. Rxd3 Ra1+ 20. Kd2 Rxh1 21. Ng5 Rb1 22. Nxh7 Rxb2+ 23. Kc1 Qc5 24. Nf6+ Kd8 25. Ne4 Rb1+ 26. Kd2 Na5 27. Nd4 Qa3 28. Ke3 Re1+ 29. Ne2 Rxe2+ 30. Kxe2 Ba6 31. Nd6 Qa2+ 32. Kf3 Bxd3 33. Qxf8+ Kc7 34. Qc8+ Kb6 35. Qb8+ Ka6 36. Qa8+ Kb6 37. Qb8+ Ka6 1/2-1/2

[Event "Surrey Open 20th"]
[Site "Sutton"]
[Date "1994.04.03"]
[Round "5"]
[White "McMichael, Richard J"]
[Black "Ferguson, Mark"]
[Result "1/2-1/2"]
[WhiteElo "2224"]
[BlackElo "2128"]
[PlyCount "73"]
[EventDate "1994.04.01"]
[EventType "swiss"]
[EventRounds "7"]
[EventCountry "ENG"]
[SourceTitle "BritBase"]
[Source "John Saunders"]
[SourceDate "2025.11.05"]
[SourceVersion "1"]
[SourceVersionDate "2025.11.05"]
[SourceQuality "1"]

1. b3 d5 2. Bb2 Bg4 3. Nf3 Nd7 4. c4 e6 5. e3 Ngf6 6. Be2 Be7 7. O-O O-O 8. d4 c6 9. Nbd2 a5 10. Qc2 Bf5 11. Bd3 Bxd3 12. Qxd3 a4 13. c5 axb3 14. axb3 Qc7 15. b4 b5 16. Nb3 Ne4 17. Ne5 f6 18. Nxd7 Qxd7 19. f3 Ng5 20. e4 Nf7 21. f4 f5 22. e5 Kh8 23. Na5 Bd8 24. Bc3 Bxa5 25. bxa5 Nd8 26. Rf2 Ra6 27. Kh1 Nb7 28. h3 Qe7 29. Qg3 Rg8 30. Qf3 Rga8 31. g4 Rf8 32. g5 Qf7 33. h4 Rfa8 34. Rfa2 Qe8 35. Be1 R8a7 36. Kh2 Kg8 37. Kh3 1/2-1/2

[Event "Surrey Open 20th"]
[Site "Sutton"]
[Date "1994.04.03"]
[Round "5"]
[White "McShane, Luke J"]
[Black "Inzani, Michael PL"]
[Result "0-1"]
[WhiteElo "1920"]
[BlackElo "2176"]
[PlyCount "62"]
[EventDate "1994.04.01"]
[EventType "swiss"]
[EventRounds "7"]
[EventCountry "ENG"]
[SourceTitle "BritBase"]
[Source "John Saunders"]
[SourceDate "2025.11.05"]
[SourceVersion "1"]
[SourceVersionDate "2025.11.05"]
[SourceQuality "1"]

1. e4 d5 2. exd5 Qxd5 3. Nc3 Qa5 4. d4 e5 5. Nf3 Bg4 6. Be2 Nc6 7. Be3 Bb4 8. O-O Bxc3 9. bxc3 Bxf3 10. Bxf3 Nge7 11. d5 O-O-O 12. c4 e4 13. Bxe4 Ne5 14. Qd4 N7c6 15. Bf5+ Kb8 16. Qf4 g5 17. Qg3 Nxc4 18. dxc6 Qxf5 19. cxb7 Nxe3 20. fxe3 Qd5 21. c4 Qc5 22. h3 f5 23. Kh1 g4 24. h4 Rhe8 25. Rfe1 Rd3 26. Kh2 Rdxe3 27. Rxe3 Rxe3 28. Qf4 Rf3 29. gxf3 Qf2+ 30. Kh1 g3 31. Qxg3 Qxg3 0-1

[Event "Surrey Open 20th"]
[Site "Sutton"]
[Date "1994.04.03"]
[Round "5"]
[White "Panchapagesan, Arjun"]
[Black "Perkins, Alan H"]
[Result "1/2-1/2"]
[WhiteElo "2136"]
[BlackElo "2240"]
[PlyCount "41"]
[EventDate "1994.04.01"]
[EventType "swiss"]
[EventRounds "7"]
[EventCountry "ENG"]
[SourceTitle "BritBase"]
[Source "John Saunders"]
[SourceDate "2025.11.05"]
[SourceVersion "1"]
[SourceVersionDate "2025.11.05"]
[SourceQuality "1"]

1. e4 c5 2. Nf3 Nc6 3. d4 cxd4 4. Nxd4 e6 5. Nc3 Qc7 6. Be2 a6 7. O-O Nf6 8. Be3 Bb4 9. f3 O-O 10. Nxc6 bxc6 11. a3 Be7 12. f4 d5 13. e5 Nd7 14. b4 c5 15. bxc5 Bxc5 16. Qd3 Nb6 17. Bxc5 Qxc5+ 18. Kh1 Bd7 19. Qh3 f5 20. exf6 Rxf6 21. Bd3 1/2-1/2

[Event "Surrey Open 20th"]
[Site "Sutton"]
[Date "1994.04.03"]
[Round "5"]
[White "Smith, Andrew Philip"]
[Black "Manning, Russell P"]
[Result "1-0"]
[WhiteElo "2168"]
[BlackElo "1912"]
[PlyCount "99"]
[EventDate "1994.04.01"]
[EventType "swiss"]
[EventRounds "7"]
[EventCountry "ENG"]
[SourceTitle "BritBase"]
[Source "John Saunders"]
[SourceDate "2025.11.05"]
[SourceVersion "1"]
[SourceVersionDate "2025.11.05"]
[SourceQuality "1"]

1. e4 c5 2. Nf3 d6 3. d4 cxd4 4. Nxd4 Nf6 5. Nc3 a6 6. Bg5 e6 7. Be2 Be7 8. O-O O-O 9. a4 Nbd7 10. Qd3 Qc7 11. Qg3 b6 12. Bh6 Ne8 13. Rad1 Kh8 14. Bc1 Bb7 15. f4 Nef6 16. Bf3 Rac8 17. e5 Ne8 18. Kh1 Bxf3 19. Nxf3 dxe5 20. fxe5 Nc5 21. Bg5 f6 22. exf6 gxf6 23. Bf4 Qb7 24. Qh3 Ng7 25. Bh6 Rf7 26. Ng5 Bf8 27. Nxf7+ Qxf7 28. Qf3 Nf5 29. Bxf8 Rxf8 30. Rd2 Ng7 31. Rfd1 e5 32. Rd8 Nce6 33. Rxf8+ Qxf8 34. Nd5 f5 35. Nxb6 e4 36. Qe3 Qf6 37. c3 h6 38. Nd5 Qg5 39. Qxg5 hxg5 40. b4 f4 41. b5 axb5 42. a5 Nc5 43. Nc7 g4 44. a6 Nxa6 45. Nxa6 e3 46. Nb4 Ne6 47. Nc2 e2 48. Rd5 Kg7 49. Kg1 Kf6 50. Kf2 1-0

[Event "Surrey Open 20th"]
[Site "Sutton"]
[Date "1994.04.03"]
[Round "6"]
[White "Barnes, Keith R"]
[Black "Smith, Andrew Philip"]
[Result "0-1"]
[WhiteElo "2080"]
[BlackElo "2168"]
[PlyCount "94"]
[EventDate "1994.04.01"]
[EventType "swiss"]
[EventRounds "7"]
[EventCountry "ENG"]
[SourceTitle "BritBase"]
[Source "John Saunders"]
[SourceDate "2025.11.05"]
[SourceVersion "1"]
[SourceVersionDate "2025.11.05"]
[SourceQuality "1"]

1. Nf3 d6 2. d4 Nd7 3. g3 e5 4. c4 Be7 5. Nc3 c6 6. Bg2 Ngf6 7. e4 O-O 8. O-O a6 9. Re1 b5 10. b3 Bb7 11. Bb2 exd4 12. Nxd4 bxc4 13. bxc4 Ne5 14. Qe2 Re8 15. Rab1 Bf8 16. Ba1 Rb8 17. f4 Ned7 18. Qc2 Nc5 19. h3 Qc7 20. Kh2 a5 21. Nb3 Ncd7 22. Nd4 h5 23. Nf3 Ba6 24. Nd2 h4 25. g4 Nc5 26. Na4 Rxb1 27. Rxb1 Nxa4 28. Qxa4 d5 29. e5 Bb4 30. Nf3 Bxc4 31. a3 Bf8 32. Nxh4 Nd7 33. Bc3 Ra8 34. Bd4 Nc5 35. Qd1 Ne6 36. Bb6 Qe7 37. Nf5 Qxa3 38. Qd2 Qd3 39. Qe1 Nxf4 40. Bxa5 Rxa5 41. Rb8 Qa3 42. Qh4 Ng6 43. Qd8 Ra7 44. h4 Qc1 45. h5 Qf4+ 46. Ng3 Ra3 47. hxg6 Qxg3+ 0-1

[Event "Surrey Open 20th"]
[Site "Sutton"]
[Date "1994.04.03"]
[Round "6"]
[White "Ferguson, Mark"]
[Black "Kinsman, Andrew PH"]
[Result "1/2-1/2"]
[WhiteElo "2128"]
[BlackElo "2432"]
[PlyCount "32"]
[EventDate "1994.04.01"]
[EventType "swiss"]
[EventRounds "7"]
[EventCountry "ENG"]
[SourceTitle "BritBase"]
[Source "John Saunders"]
[SourceDate "2025.11.05"]
[SourceVersion "1"]
[SourceVersionDate "2025.11.05"]
[SourceQuality "1"]

1. e4 e6 2. d4 d5 3. Nd2 Nf6 4. e5 Nfd7 5. c3 c5 6. Bd3 Nc6 7. Ne2 cxd4 8. cxd4 f6 9. exf6 Nxf6 10. Nf3 Bd6 11. O-O O-O 12. Re1 Qc7 13. g3 e5 14. dxe5 Nxe5 15. Nxe5 Bxe5 16. Bf4 Bg4 1/2-1/2

[Event "Surrey Open 20th"]
[Site "Sutton"]
[Date "1994.04.03"]
[Round "6"]
[White "Holland, Christopher KD"]
[Black "Cobb, Charles A"]
[Result "1-0"]
[WhiteElo "2160"]
[BlackElo "2160"]
[PlyCount "89"]
[EventDate "1994.04.01"]
[EventType "swiss"]
[EventRounds "7"]
[EventCountry "ENG"]
[SourceTitle "BritBase"]
[Source "John Saunders"]
[SourceDate "2025.11.05"]
[SourceVersion "1"]
[SourceVersionDate "2025.11.05"]
[SourceQuality "1"]

1. c4 e6 2. Nc3 b6 3. d4 Bb4 4. e4 Bb7 5. f3 f5 6. exf5 exf5 7. Nh3 Qh4+ 8. g3 Qe7+ 9. Kf2 Nf6 10. Bd3 O-O 11. Nf4 g5 12. Nfd5 Nxd5 13. Nxd5 Bxd5 14. cxd5 Qf6 15. Bc4 Bd6 16. Qd3 Kg7 17. h4 gxh4 18. Rxh4 Kh8 19. Bh6 Bxg3+ 20. Kg2 Rg8 21. Rh3 Bh4+ 22. Kh1 Qxh6 23. Qxf5 Qg5 24. Qe5+ Qxe5 25. dxe5 Bg3 26. e6 dxe6 27. dxe6 Nc6 28. Bd5 Rae8 29. Bxc6 Rxe6 30. Bd5 Reg6 31. Bxg8 Rxg8 32. Rg1 Bd6 33. Rxg8+ Kxg8 34. Kg2 Kg7 35. Rh4 a5 36. Kh3 Kg6 37. Rg4+ Kf5 38. Kh4 Bf4 39. Rg7 Be5 40. Rxh7 Bf6+ 41. Kh3 Bxb2 42. Rxc7 Bd4 43. a4 Ke6 44. Kg4 Kd6 45. Rc2 1-0